[Event "Sitges op 29th"]
[Site "Sitges"]
[Date "2003.07.23"]
[Round "6"]
[White "Ferran Biosca, Robert"]
[Black "Fernandez Siles, Luis"]
[Result "0-1"]
[WhiteElo "2188"]
[BlackElo "2325"]
[PlyCount "40"]
[EventDate "2003.07.18"]
[EventType "swiss"]
[EventRounds "9"]
[EventCountry "ESP"]
[SourceTitle "CBM 095 Extra"]
[Source "ChessBase"]
[SourceDate "2003.09.04"]
[SourceVersion "1"]
[SourceVersionDate "2003.09.04"]
[SourceQuality "1"]

1. Nf3 Nf6 2. c4 g6 3. Nc3 Bg7 4. g3 0-0 5. Bg2 d6 6. 0-0 Nc6 7. d3 Nh5 8. Rb1 f5 9. Bd2 f4 10. b4 fxg3 11. hxg3 Bg4 12. Qc1 Qd7 13. Bh6 Bxf3 14. Bxf3 Rxf3 15. exf3 Qh3 16. Bxg7 Kxg7 17. Qg5 Ne5 18. Qe3 Rf8 19. f4 Nxf4 20. Qe4 Rf5 0-1

[Event "Catalunya-ch Absolut"]
[Site "Barcelona"]
[Date "2001.04.13"]
[Round "6"]
[White "Ferran Biosca, Robert"]
[Black "Hernando Rodrigo, Julio Antonio"]
[Result "1/2-1/2"]
[WhiteElo "2186"]
[BlackElo "2323"]
[PlyCount "31"]
[EventDate "2001.04.08"]
[EventType "swiss"]
[EventRounds "9"]
[EventCountry "ESP"]
[SourceTitle "EXT 2008"]
[Source "ChessBase"]
[SourceDate "2007.11.25"]
[SourceVersion "1"]
[SourceVersionDate "2007.11.25"]
[SourceQuality "1"]

1. d4 Nf6 2. c4 e6 3. g3 Bb4+ 4. Bd2 a5 5. Bg2 0-0 6. a3 Bxd2+ 7. Nxd2 d6 8. Ngf3 Nbd7 9. 0-0 e5 10. Qc2 Qe7 11. e3 c6 12. b4 e4 13. Ng5 d5 14. Nh3 b5 15. cxb5 cxb5 16. a4 1/2-1/2

[Event "ESP-chT"]
[Site "Salamanca"]
[Date "1998.09.13"]
[Round "9"]
[White "Ferran Biosca, Robert"]
[Black "Gonzalez Perez, Lutgarda"]
[Result "1/2-1/2"]
[WhiteElo "2145"]
[BlackElo "2205"]
[PlyCount "133"]
[EventDate "1998.09.05"]
[EventType "team"]
[EventRounds "9"]
[EventCountry "ESP"]
[SourceTitle "EXT 1999"]
[Source "ChessBase"]
[SourceDate "1998.11.16"]
[SourceVersion "1"]
[SourceVersionDate "1998.11.16"]
[SourceQuality "1"]

1. Nf3 d5 2. g3 Nf6 3. Bg2 Bf5 4. c4 c6 5. b3 e6 6. Bb2 Nbd7 7. 0-0 Be7 8. d3 h6 9. Nbd2 0-0 10. Re1 Bh7 11. d4 dxc4 12. Nxc4 Bb4 13. Rf1 Nd5 14. Rc1 a5 15. Nfe5 Nxe5 16. Nxe5 Qe7 17. Nc4 Rfd8 18. a3 Bd6 19. e4 Nc7 20. e5 Bc5 21. Qg4 Ba7 22. Nd6 Ne8 23. Ne4 Rd7 24. Rcd1 Bf5 25. Qf4 Rad8 26. Rd2 c5 27. d5 Bxe4 28. d6 Qg5 29. Qxg5 hxg5 30. Bxe4 f6 31. f4 gxf4 32. gxf4 c4+ 33. Kg2 cxb3 34. Rf3 a4 35. Rc3 f5 36. Bf3 Kf7 37. Rc4 b5 38. Rc6 Be3 39. Rd3 Bxf4 40. Rb6 g5 41. Rxb5 g4 42. Bc6 Ra7 43. Rd4 Bh6 44. Rxa4 Rxa4 45. Rb7+ Kg6 46. Bxa4 Nxd6 47. exd6 Rxd6 48. Rxb3 Rd2+ 49. Kg3 Re2 50. Be8+ Kh7 51. Rb7+ Kg8 52. Bf7+ Kf8 53. Bd4 Be3 54. Bf6 Bf2+ 55. Kg2 Bh4+ 56. Kf1 Rxh2 57. Bxh4 Rxh4 58. Bxe6 Rh6 59. Bb3 Rh3 60. a4 f4 61. Bd5 Rd3 62. a5 Rxd5 63. a6 Ra5 64. a7 Ra1+ 65. Ke2 Ra2+ 66. Kd3 Ra3+ 67. Ke4 1/2-1/2

[Event "Barcelona op-A"]
[Site "Barcelona"]
[Date "1998.??.??"]
[Round "5"]
[White "Ferran Biosca, Robert"]
[Black "Alfonso Nogue, Beatriz"]
[Result "0-1"]
[WhiteElo "2255"]
[BlackElo "2185"]
[PlyCount "60"]
[EventDate "1998.??.??"]
[EventType "swiss"]
[EventRounds "8"]
[EventCountry "ESP"]
[SourceTitle "EXT 2019"]
[Source "ChessBase"]
[SourceDate "2018.10.10"]
[SourceVersion "1"]
[SourceVersionDate "2018.10.10"]
[SourceQuality "1"]

1. e4 e5 2. Nf3 Nc6 3. Bb5 Bc5 4. 0-0 d6 5. c3 Bd7 6. d4 Bb6 7. Be3 Nf6 8. Nbd2 0-0 9. Qe2 exd4 10. Nxd4 Nxd4 11. Bxd4 Bxd4 12. cxd4 c6 13. Bd3 Re8 14. f3 b5 15. b4 Nd5 16. a3 Nf4 17. Qe3 Qg5 18. Kf2 Qxg2+ 19. Ke1 Nxd3+ 20. Qxd3 Qxh2 21. Rf2 Qf4 22. Ke2 a5 23. bxa5 Rxa5 24. Rh1 Rea8 25. Rfh2 h6 26. Nb1 Be6 27. Kf2 b4 28. Rh4 Qf6 29. axb4 Ra2+ 30. Nd2 R8a3 0-1

[Event "St Cugat op"]
[Site "St Cugat"]
[Date "1997.??.??"]
[Round "1"]
[White "Campos Moreno, Javier B"]
[Black "Ferran Biosca, Robert"]
[Result "1-0"]
[WhiteElo "2445"]
[BlackElo "2135"]
[PlyCount "129"]
[EventDate "1997.??.??"]
[EventType "swiss"]
[EventRounds "9"]
[EventCountry "ESP"]
[SourceTitle "EXT 2001"]
[Source "ChessBase"]
[SourceDate "2000.11.22"]
[SourceVersion "1"]
[SourceVersionDate "2000.11.22"]
[SourceQuality "1"]

1. d4 e6 2. c4 Nf6 3. Nc3 Bb4 4. Nf3 0-0 5. Bg5 d5 6. e3 Nbd7 7. cxd5 exd5 8. Bd3 c6 9. Qc2 Qa5 10. 0-0 h6 11. Bh4 Re8 12. Rfc1 Be7 13. a3 Qd8 14. b4 Ne4 15. Bxe7 Qxe7 16. b5 Nxc3 17. Qxc3 cxb5 18. Bxb5 a6 19. Qa5 Qd8 20. Qxd8 Rxd8 21. Bxd7 Bxd7 22. Rc7 b5 23. Ne5 Be8 24. Kf1 Rdc8 25. Rcc1 Kf8 26. Nd3 Ke7 27. Nc5 a5 28. Ke1 Rcb8 29. Kd2 Kd6 30. Nb3 a4 31. Nc5 b4 32. axb4 Rxb4 33. Nd3 Rb3 34. Rc2 f6 35. Nc5 Rb4 36. Rca2 Bc6 37. h4 Be8 38. Nd3 Rb3 39. Ra3 Rab8 40. Rxb3 Rxb3 41. Ra2 g5 42. hxg5 hxg5 43. Nc5 Rb4 44. Kc1 f5 45. Rb2 Rxb2 46. Kxb2 Bc6 47. Ka3 f4 48. exf4 gxf4 49. Nxa4 Bb5 50. Nc3 Bf1 51. g3 fxg3 52. fxg3 Ke6 53. Nd1 Be2 54. Ne3 Bf3 55. Kb4 Kd6 56. Kc3 Ke6 57. Kd2 Kf6 58. Ke1 Kg5 59. Kf2 Be4 60. Nf1 Kg4 61. Nd2 Bh1 62. Nb1 Be4 63. Nc3 Bh1 64. Kg1 Bf3 65. Kh2 1-0

[Event "Foment Martinenc op"]
[Site "Barcelona"]
[Date "1997.??.??"]
[Round "8"]
[White "De la Riva Aguado, Jorge"]
[Black "Ferran Biosca, Robert"]
[Result "1-0"]
[WhiteElo "2285"]
[BlackElo "2130"]
[PlyCount "129"]
[EventDate "1996.12.27"]
[EventType "swiss"]
[EventRounds "9"]
[EventCountry "ESP"]
[SourceTitle "EXT 1999"]
[Source "ChessBase"]
[SourceDate "1998.11.16"]
[SourceVersion "1"]
[SourceVersionDate "1998.11.16"]
[SourceQuality "1"]

1. e4 e6 2. d4 d5 3. e5 c5 4. c3 Nc6 5. Nf3 Bd7 6. a3 c4 7. g3 Qc7 8. Bh3 h6 9. 0-0 Nge7 10. Nbd2 Na5 11. Nh4 0-0-0 12. Rb1 Kb8 13. Ng2 Nc8 14. Qf3 Ba4 15. Ne3 h5 16. Qe2 g6 17. f4 Ne7 18. Re1 Bh6 19. Nf3 Nf5 20. Bg2 Rdg8 21. Ng5 Nb3 22. Nxf5 Nxc1 23. Rexc1 gxf5 24. h4 Bxg5 25. fxg5 Rg7 26. Bf3 Rgh7 27. Kh2 Bb3 28. Rf1 Qd8 29. Rf2 a5 30. Qd2 Ka7 31. Rbf1 Kb8 32. Kg2 Ka7 33. Kh3 Kb8 34. Rh2 Ka7 35. Kg2 Kb8 36. Kf2 Ka7 37. Ke3 Kb8 38. Rhf2 Ka7 39. Bd1 Qb6 40. Bc2 Bxc2 41. Qxc2 Qb5 42. a4 Qa6 43. Rb1 Rc8 44. b3 Rhh8 45. b4 axb4 46. Rxb4 Rc6 47. Qb1 Rb6 48. Rxb6 Qxb6 49. Rb2 Qa6 50. a5 Rb8 51. Qa1 Qc6 52. Rb6 Qc7 53. Qa4 Ra8 54. Qb5 Rd8 55. Kf3 Rd7 56. g6 fxg6 57. Rxe6 Rg7 58. Qxd5 g5 59. hxg5 Rxg5 60. Rf6 Rg7 61. Rxf5 Rd7 62. Qb5 Rg7 63. Qb6+ Qxb6 64. axb6+ Kxb6 65. Rxh5 1-0

[Event "St Cugat op"]
[Site "St Cugat"]
[Date "1997.??.??"]
[Round "6"]
[White "Ferran Biosca, Robert"]
[Black "Perpinya Rofes, Lluis Maria"]
[Result "1/2-1/2"]
[WhiteElo "2135"]
[BlackElo "2265"]
[PlyCount "84"]
[EventDate "1997.??.??"]
[EventType "swiss"]
[EventRounds "9"]
[EventCountry "ESP"]
[SourceTitle "EXT 2001"]
[Source "ChessBase"]
[SourceDate "2000.11.22"]
[SourceVersion "1"]
[SourceVersionDate "2000.11.22"]
[SourceQuality "1"]

1. d4 Nf6 2. Nf3 g6 3. c4 Bg7 4. Nc3 0-0 5. Bf4 d6 6. e3 Na6 7. Be2 c5 8. d5 Nh5 9. Bg5 h6 10. Bh4 f5 11. Nd2 Nf6 12. 0-0 Nc7 13. Qc2 Qe8 14. Rae1 e5 15. dxe6 Bxe6 16. Bf3 Qf7 17. Bg3 Na6 18. a3 Rad8 19. Nb5 Ne8 20. Rd1 b6 21. b3 Nac7 22. Nxc7 Nxc7 23. Nb1 Be5 24. Nc3 b5 25. Nd5 bxc4 26. bxc4 Rb8 27. Nxc7 Qxc7 28. Bd5 Rfe8 29. Qd3 Kg7 30. Bxe6 Rxe6 31. Qd5 Re7 32. Rb1 Rb6 33. Rfd1 Re8 34. Rxb6 axb6 35. Bxe5+ dxe5 36. Qd7+ Re7 37. Qxc7 Rxc7 38. Rd6 Ra7 39. h4 Rxa3 40. Rxb6 Ra4 41. Rb7+ Kf6 42. Rb6+ Kf7 1/2-1/2

[Event "Mataro op"]
[Site "Mataro"]
[Date "1996.08.??"]
[Round "4"]
[White "Ferran Biosca, Robert"]
[Black "Granados Gomez, Manuel"]
[Result "0-1"]
[WhiteElo "2130"]
[BlackElo "2345"]
[PlyCount "66"]
[EventDate "1996.08.??"]
[EventType "swiss"]
[EventRounds "9"]
[EventCountry "ESP"]
[SourceTitle "EXT 2001"]
[Source "ChessBase"]
[SourceDate "2000.11.22"]
[SourceVersion "1"]
[SourceVersionDate "2000.11.22"]
[SourceQuality "1"]

1. e4 c5 2. Nf3 Nc6 3. Bb5 Nf6 4. e5 Ng4 5. Bxc6 dxc6 6. 0-0 g6 7. h3 Nh6 8. d3 Bg7 9. Nc3 0-0 10. Ne4 b6 11. Re1 Nf5 12. c3 Ba6 13. d4 cxd4 14. cxd4 Qd7 15. g4 Nh6 16. Bf4 f5 17. e6 Qd8 18. Bxh6 fxe4 19. Bxg7 Rxf3 20. Rxe4 Rd3 21. Qc1 Kxg7 22. Rf4 Rxh3 23. Rf7+ Kg8 24. Kg2 Rh4 25. Kg3 Qd6+ 26. Kxh4 Qh2+ 27. Kg5 Rd8 28. f4 Bd3 29. f5 Rxd4 30. Qg1 Qf4+ 31. Kh4 Bxf5 32. Rf1 Qh6+ 33. Kg3 Rxg4+ 0-1

[Event "Catalunya-chT"]
[Site "Catalunya"]
[Date "1996.??.??"]
[Round "?"]
[White "Ferran Biosca, Robert"]
[Black "Codina Garcia, Jose"]
[Result "0-1"]
[WhiteElo "2175"]
[BlackElo "2145"]
[PlyCount "74"]
[EventDate "1996.??.??"]
[EventType "team"]
[EventRounds "9"]
[EventCountry "ESP"]
[SourceTitle "EXT 1999"]
[Source "ChessBase"]
[SourceDate "1998.11.16"]
[SourceVersion "1"]
[SourceVersionDate "1998.11.16"]
[SourceQuality "1"]

1. Nf3 c5 2. g3 Nc6 3. Bg2 Nf6 4. 0-0 d5 5. d4 e6 6. c4 cxd4 7. Nxd4 Be7 8. Nc3 0-0 9. cxd5 exd5 10. Bg5 h6 11. Be3 Re8 12. Rc1 Bg4 13. h3 Be6 14. Kh2 Qd7 15. Na4 Rac8 16. Nc5 Bxc5 17. Rxc5 Ne5 18. Nxe6 fxe6 19. Rxc8 Rxc8 20. Bxa7 Qb5 21. Bd4 Ned7 22. f4 Ra8 23. a3 Ra4 24. Qd2 Rc4 25. e3 Qc6 26. Rf2 Nc5 27. Bxf6 gxf6 28. f5 Ne4 29. Bxe4 Rxe4 30. fxe6 Qxe6 31. Qc3 Kg7 32. Qb3 b6 33. Rf3 h5 34. h4 Qe5 35. Kg2 d4 36. exd4 Qxd4 37. Qc3 Re2+ 0-1

[Event "Catalunya-chT"]
[Site "Catalunya"]
[Date "1996.??.??"]
[Round "?"]
[White "Ferran Biosca, Robert"]
[Black "Mateu Palau, Xavier"]
[Result "0-1"]
[WhiteElo "2175"]
[BlackElo "2365"]
[PlyCount "48"]
[EventDate "1996.??.??"]
[EventType "team"]
[EventRounds "9"]
[EventCountry "ESP"]
[SourceTitle "EXT 1999"]
[Source "ChessBase"]
[SourceDate "1998.11.16"]
[SourceVersion "1"]
[SourceVersionDate "1998.11.16"]
[SourceQuality "1"]

1. Nf3 d5 2. g3 Bg4 3. Bg2 Nc6 4. d4 Qd7 5. h3 Bf5 6. c3 f6 7. Nbd2 e5 8. dxe5 fxe5 9. Nh4 Be6 10. e4 Nf6 11. exd5 Bxd5 12. 0-0 0-0-0 13. Qe2 g5 14. Nhf3 g4 15. Nxe5 Nxe5 16. Qxe5 Bxg2 17. Kxg2 gxh3+ 18. Kg1 Ng4 19. Qh5 h2+ 20. Kg2 Rg8 21. Nf3 Bd6 22. Bg5 Rdf8 23. Nxh2 Nxh2 24. Kxh2 Qf5 0-1

[Event "Catalunya-chT"]
[Site "Catalunya"]
[Date "1996.??.??"]
[Round "?"]
[White "Granados Gomez, Manuel"]
[Black "Ferran Biosca, Robert"]
[Result "1-0"]
[WhiteElo "2350"]
[BlackElo "2175"]
[PlyCount "81"]
[EventDate "1996.??.??"]
[EventType "team"]
[EventRounds "9"]
[EventCountry "ESP"]
[SourceTitle "EXT 1999"]
[Source "ChessBase"]
[SourceDate "1998.11.16"]
[SourceVersion "1"]
[SourceVersionDate "1998.11.16"]
[SourceQuality "1"]

1. d4 e6 2. Nf3 Nf6 3. Bg5 Be7 4. Nbd2 d5 5. e3 0-0 6. Bd3 c5 7. c3 Nc6 8. 0-0 Bd7 9. Qe2 Rc8 10. Ne5 h6 11. Bh4 Nxe5 12. dxe5 Nh7 13. Bxe7 Qxe7 14. f4 b5 15. a3 a5 16. Nf3 Rb8 17. g4 Rb6 18. g5 Rfb8 19. Rf2 g6 20. gxh6 b4 21. axb4 axb4 22. Rg2 bxc3 23. bxc3 Bb5 24. Bxb5 Rxb5 25. h4 Qf8 26. Kh2 Qxh6 27. Ra7 d4 28. Kg3 dxc3 29. Qc4 Rb2 30. Qxc3 Rxg2+ 31. Kxg2 Qf8 32. Kg3 Rc8 33. Nd2 Qd8 34. Ne4 Qd1 35. Ra1 Qe2 36. Nd6 Rb8 37. Re1 Rb3 38. Rxe2 Rxc3 39. Kf3 f6 40. Rg2 Kg7 41. h5 1-0

[Event "Catalunya-chT"]
[Site "Catalunya"]
[Date "1996.??.??"]
[Round "?"]
[White "Muriel Rojas, Francisco"]
[Black "Ferran Biosca, Robert"]
[Result "1-0"]
[WhiteElo "2220"]
[BlackElo "2175"]
[PlyCount "95"]
[EventDate "1996.??.??"]
[EventType "team"]
[EventRounds "9"]
[EventCountry "ESP"]
[SourceTitle "EXT 1999"]
[Source "ChessBase"]
[SourceDate "1998.11.16"]
[SourceVersion "1"]
[SourceVersionDate "1998.11.16"]
[SourceQuality "1"]

1. c4 Nf6 2. Nc3 c5 3. g3 g6 4. Bg2 Bg7 5. e3 0-0 6. Nge2 Nc6 7. b3 d5 8. cxd5 Nb4 9. d4 cxd4 10. Nxd4 Nfxd5 11. Nxd5 Nxd5 12. 0-0 Nc3 13. Qc2 e5 14. Ne2 Nxe2+ 15. Qxe2 Qb6 16. Rd1 Be6 17. Bb2 h5 18. Bd5 Bg4 19. Bf3 Bxf3 20. Qxf3 e4 21. Qe2 Bxb2 22. Qxb2 Rfd8 23. Qe5 Qb4 24. Rd5 Rac8 25. Rad1 Rxd5 26. Rxd5 Qe1+ 27. Kg2 Qb1 28. Rd2 Qc1 29. Rd7 h4 30. Qf4 h3+ 31. Kxh3 Qf1+ 32. Kh4 Rf8 33. Rxb7 Qe2 34. Kh3 Qf1+ 35. Kg4 Qe2+ 36. Kh3 Qf1+ 37. Kh4 Qe2 38. g4 Qxa2 39. Kg3 Qa6 40. Qxe4 Qd6+ 41. Qf4 Qd5 42. Qf3 Qd6+ 43. Kg2 a5 44. h4 Qe5 45. h5 gxh5 46. gxh5 Kh8 47. Rxf7 Rg8+ 48. Kh3 1-0

[Event "Foment Martinenc op"]
[Site "Barcelona"]
[Date "1996.??.??"]
[Round "6"]
[White "Narciso Dublan, Marc"]
[Black "Ferran Biosca, Robert"]
[Result "1-0"]
[WhiteElo "2470"]
[BlackElo "2130"]
[PlyCount "79"]
[EventDate "1996.12.27"]
[EventType "swiss"]
[EventRounds "9"]
[EventCountry "ESP"]
[SourceTitle "EXT 1999"]
[Source "ChessBase"]
[SourceDate "1998.11.16"]
[SourceVersion "1"]
[SourceVersionDate "1998.11.16"]
[SourceQuality "1"]

1. e4 e6 2. d4 d5 3. Nc3 Nf6 4. Bg5 Be7 5. e5 Nfd7 6. Bxe7 Qxe7 7. f4 a6 8. Qd2 b6 9. Nd1 c5 10. c3 Nc6 11. Nf3 Bb7 12. g3 Rc8 13. Rc1 b5 14. Bg2 Nb6 15. b3 0-0 16. 0-0 cxd4 17. cxd4 Qb4 18. Nc3 Rc7 19. Qd3 Rfc8 20. Ne2 Qa3 21. Ng5 g6 22. g4 Nd7 23. Rcd1 Nf8 24. f5 h6 25. Nh3 exf5 26. gxf5 Ne7 27. fxg6 fxg6 28. Nhf4 Qxa2 29. Bh3 Re8 30. Ne6 Rc6 31. Nxf8 Rxf8 32. Rxf8+ Kxf8 33. Rf1+ Kg7 34. Qf3 Nf5 35. Bxf5 gxf5 36. Qxf5 Rg6+ 37. Ng3 Kh7 38. Rc1 Qa5 39. Kh1 Qd8 40. Nh5 1-0

[Event "Barcelona La Lira op"]
[Site "Barcelona"]
[Date "1995.??.??"]
[Round "8"]
[White "Escuder Vilaltella, Jordi"]
[Black "Ferran Biosca, Robert"]
[Result "1/2-1/2"]
[WhiteElo "2135"]
[BlackElo "2275"]
[PlyCount "81"]
[EventDate "1995.04.??"]
[EventType "swiss"]
[EventRounds "9"]
[EventCountry "ESP"]
[SourceTitle "EXT 2003"]
[Source "ChessBase"]
[SourceDate "2002.11.25"]
[SourceVersion "1"]
[SourceVersionDate "2002.11.25"]
[SourceQuality "1"]

1. e4 e6 2. d4 d5 3. Nd2 Nf6 4. e5 Nfd7 5. Bd3 c5 6. c3 Nc6 7. Ne2 cxd4 8. cxd4 Qb6 9. Nf3 f6 10. 0-0 fxe5 11. dxe5 Ncxe5 12. Nxe5 Nxe5 13. Nf4 Bd6 14. Qh5+ Nf7 15. Bxh7 Bxf4 16. Bxf4 Qxb2 17. Rac1 Qf6 18. Bd6 Qh6 19. Qxh6 gxh6 20. Bg6 Kd7 21. Bg3 Nd6 22. Bc2 b5 23. a4 Ba6 24. Bxd6 Kxd6 25. Bd3 Rhc8 26. axb5 Rxc1 27. Rxc1 Bb7 28. f4 a5 29. bxa6 Bxa6 30. Ra1 Bb7 31. Rxa8 Bxa8 32. Kf2 d4 33. g4 e5 34. fxe5+ Kxe5 35. h4 Kf4 36. g5 hxg5 37. hxg5 Kxg5 38. Ke2 Kf4 39. Kd2 Ke5 40. Ba6 Be4 41. Bb5 1/2-1/2

[Event "Barcelona La Lira op"]
[Site "Barcelona"]
[Date "1995.??.??"]
[Round "3"]
[White "Ferran Biosca, Robert"]
[Black "Lainez Martinez, Angel"]
[Result "1-0"]
[WhiteElo "2275"]
[BlackElo "2030"]
[PlyCount "57"]
[EventDate "1995.04.??"]
[EventType "swiss"]
[EventRounds "9"]
[EventCountry "ESP"]
[SourceTitle "EXT 2003"]
[Source "ChessBase"]
[SourceDate "2002.11.25"]
[SourceVersion "1"]
[SourceVersionDate "2002.11.25"]
[SourceQuality "1"]

1. Nf3 Nf6 2. d4 c5 3. c4 d6 4. Nc3 cxd4 5. Nxd4 Nc6 6. g3 g6 7. Bg2 Bd7 8. 0-0 Bg7 9. Nb3 b6 10. Bg5 Rc8 11. Nd5 Nxd5 12. cxd5 Ne5 13. Nd4 h6 14. Bf4 Rc4 15. Nc2 Qc8 16. Rc1 0-0 17. Qd2 Kh7 18. b3 Rc7 19. Nd4 Qb7 20. Rxc7 Qxc7 21. Rc1 Qb7 22. Nc6 Re8 23. Bxe5 dxe5 24. Nxe7 e4 25. d6 Be6 26. Rc7 Qa8 27. Nc6 Bd7 28. Rxd7 Qxc6 29. Rc7 1-0

[Event "Barcelona La Lira op"]
[Site "Barcelona"]
[Date "1995.??.??"]
[Round "7"]
[White "Ferran Biosca, Robert"]
[Black "Zancas Vidal, Francisco Miguel"]
[Result "1-0"]
[WhiteElo "2275"]
[BlackElo "2105"]
[PlyCount "103"]
[EventDate "1995.04.??"]
[EventType "swiss"]
[EventRounds "9"]
[EventCountry "ESP"]
[SourceTitle "EXT 2003"]
[Source "ChessBase"]
[SourceDate "2002.11.25"]
[SourceVersion "1"]
[SourceVersionDate "2002.11.25"]
[SourceQuality "1"]

1. Nf3 Nc6 2. e4 d6 3. d4 Nf6 4. Nc3 a6 5. Be2 Bg4 6. d5 Nb8 7. 0-0 Nbd7 8. Nd4 Bxe2 9. Qxe2 g6 10. f4 Bg7 11. e5 dxe5 12. fxe5 Nxd5 13. Nxd5 Nxe5 14. Bh6 Qxd5 15. Bxg7 Qxd4+ 16. Kh1 f6 17. Bxh8 Kf7 18. c3 Qd6 19. Rad1 Qe6 20. Rde1 Kg8 21. Bxf6 exf6 22. Qf3 Rf8 23. Qxb7 Rf7 24. Qb3 Qe7 25. Qd5 c6 26. Qa5 Qb7 27. b4 Kg7 28. h3 Rd7 29. Rd1 Nd3 30. Rd2 Rd5 31. Qa3 c5 32. bxc5 Nxc5 33. Rxd5 Qxd5 34. Qb4 Qd3 35. Rf3 Qd1+ 36. Kh2 Qd6+ 37. Qf4 Qc6 38. Qd4 g5 39. a3 Nd7 40. Re3 Ne5 41. c4 Kg6 42. Qe4+ Qxe4 43. Rxe4 Kf5 44. Rd4 a5 45. c5 h5 46. a4 h4 47. Rd6 Nc4 48. Rd4 Ne5 49. Kg1 Ke6 50. Kf2 Ke7 51. Ke3 f5 52. Rd5 1-0

[Event "St Cugat op"]
[Site "St Cugat"]
[Date "1994.??.??"]
[Round "7"]
[White "Ferran Biosca, Robert"]
[Black "Gual Pascual, Antonio"]
[Result "1/2-1/2"]
[WhiteElo "2185"]
[BlackElo "2395"]
[PlyCount "86"]
[EventDate "1994.??.??"]
[EventType "swiss"]
[EventRounds "9"]
[EventCountry "ESP"]
[SourceTitle "EXT 1997"]
[Source "ChessBase"]
[SourceDate "1996.11.15"]
[SourceVersion "1"]
[SourceVersionDate "1996.11.15"]
[SourceQuality "1"]

1. Nf3 d5 2. g3 c6 3. Bg2 Bg4 4. Ne5 Bh5 5. d4 Nd7 6. 0-0 e6 7. Nd3 Ngf6 8. Nd2 Bd6 9. Nf3 0-0 10. Bf4 Qe7 11. Bxd6 Qxd6 12. c3 c5 13. dxc5 Nxc5 14. Nxc5 Qxc5 15. Qb3 Ne4 16. Rad1 a5 17. Rd4 Nd6 18. Rh4 Bxf3 19. Bxf3 Ra6 20. e4 Rb6 21. Qc2 d4 22. Rc1 dxc3 23. bxc3 e5 24. Rd1 Nb5 25. Rd5 Qc7 26. Kg2 Nxc3 27. Rd3 Rc6 28. Qd2 Nb5 29. Rd7 Qb6 30. Rh5 Rc5 31. Qb2 Qc6 32. Rd5 f6 33. Qb3 Kh8 34. Rxc5 Qxc5 35. a4 Nd6 36. Qe6 Qc7 37. Qg4 Qf7 38. Bd1 Rd8 39. Qh4 Qg6 40. Rxe5 Nc4 41. Rd5 Rxd5 42. exd5 Qd3 43. Qg4 Qxd5+ 1/2-1/2

[Event "Foment Martinenc op"]
[Site "Barcelona"]
[Date "1994.??.??"]
[Round "?"]
[White "Ferran Biosca, Robert"]
[Black "Haak, Eelco"]
[Result "1-0"]
[WhiteElo "2185"]
[BlackElo "2200"]
[PlyCount "69"]
[EventDate "1994.??.??"]
[EventType "swiss"]
[EventRounds "9"]
[EventCountry "ESP"]
[SourceTitle "EXT 2003"]
[Source "ChessBase"]
[SourceDate "2002.11.25"]
[SourceVersion "1"]
[SourceVersionDate "2002.11.25"]
[SourceQuality "1"]

1. Nf3 Nf6 2. d4 g6 3. c4 Bg7 4. Nc3 0-0 5. Bf4 d6 6. e3 Nbd7 7. Be2 Qe8 8. h3 e5 9. Bh2 a6 10. 0-0 Qe7 11. Qc2 Ne8 12. Nd5 Qd8 13. Rad1 c6 14. Nc3 Qe7 15. b4 f5 16. dxe5 dxe5 17. c5 Kh8 18. Bc4 e4 19. Nd4 Ne5 20. Na4 Nc7 21. Nb6 Rb8 22. Rd2 g5 23. Rfd1 g4 24. hxg4 Nxg4 25. Bd6 Qh4 26. Bxc7 f4 27. Bxf4 Rxf4 28. exf4 e3 29. Nf3 exf2+ 30. Kf1 Qf6 31. Rd8+ Bf8 32. Rxf8+ Qxf8 33. Qc3+ Nf6 34. Rd6 Kg7 35. Qe5 1-0